000 00419nam a2200193Ia 4500
001 11755
003 GE_BSU
008 181216s||||||||xx |||||||||||||| ||und||
040 _cGE_BSU
080 _a821.111-312
100 _aCornwell,Patricia
245 _aFrom Potter's Field
260 _aNew York
260 _bScribner
260 _c1995
300 _a411p.24cm.
653 _aFrom Potter's Field
942 _cBK
999 _c44934
_d44934